Bibliografía de la literatura costarricense, 1890-1940 /
Պահպանված է:
| Հիմնական հեղինակ: | |
|---|---|
| Ձևաչափ: | Անհայտ |
| Լեզու: | Spanish |
| Հրապարակվել է: |
San José, Costa Rica :
CIRCA, CIICLA. Editorial de la Universidad de Costa Rica,
1995.
|
| Հրատարակություն: | 1. edición |
| Խորագրեր: | |
| Ցուցիչներ: |
Ավելացրեք ցուցիչ
Չկան պիտակներ, Եղեք առաջինը, ով նշում է այս գրառումը!
|
MARC
| LEADER | 000000000a22000000004500 | ||
|---|---|---|---|
| 001 | 002796 | ||
| 041 | 0 | |a spa | |
| 082 | 0 | 4 | |a CR860.16 |b Q5b Referencia |
| 100 | 1 | |a Quesada Soto, Álvaro, |b 1945-2001 | |
| 245 | 1 | 0 | |a Bibliografía de la literatura costarricense, 1890-1940 / |c Álvaro Quesada Soto. |
| 250 | |a 1. edición | ||
| 260 | 1 | |a San José, Costa Rica : |b CIRCA, CIICLA. Editorial de la Universidad de Costa Rica, |c 1995. | |
| 300 | |a 116 páginas | ||
| 500 | |a En la cubierta: Módulos Bibliográficos. Serie Técnica, Número 1. Julio 1995. Centro de Información y Referencia sobre Centroamérica y el Caribe | ||
| 650 | 4 | |a LITERATURA COSTARRICENSE | |
| 650 | 4 | |a BIBLIOGRAFIAS | |
| 999 | |c 9152 |d 9152 | ||
| 942 | |c BK |h CR860.16 Q5b Referencia |2 z | ||
